別叫我公主
| 資料類型: | 圖書 | 書目號: | 51143 |
Leader xxxxxxxxxx 001 __ 102471/5/01 005 __ 20170410105904.341 010 0_ |a978-986-5607-77-7|b平裝|d新臺幣199元 042 __ |anbim 100 __ |a20170410d2016 k y0chiy50 e 101 0_ |achi 102 __ |atw 105 __ |ay z 000ay 200 1_ |a別叫我公主|f袁晞作 205 __ |a初版 210 __ |a臺北市|c春天出版國際|d2016[民105] 215 0_ |a255面|d21公分 225 12 |aAll about love|v28 700 _1 |a袁|b晞|4作 681 __ |a857.7|b876 801 _0 |atw|bLibDipper|c20170410|gCCR |